|
|
|
|
| LEADER |
00717nam a2200289 4500 |
| 001 |
DLU100105508 |
| 005 |
##2010041 |
| 040 |
# |
# |
|a DLU
|b vie
|
| 041 |
# |
# |
|a eng
|
| 044 |
# |
# |
|a us
|
| 082 |
# |
# |
|a 810.8
|b Ame
|
| 100 |
# |
# |
|a Bradley, Sculley.
|
| 245 |
# |
# |
|a The American tradition literature.
|n t.I /
|c Scully Bradley, Richmond Croom Beaty, E. Hudson Long.
|
| 260 |
# |
# |
|a N.Y. :
|b Norton,
|c 1967.
|
| 300 |
# |
# |
|a xix, 1771 p. ;
|c 21 cm.
|
| 710 |
# |
# |
|a Beaty, Richmond Croom.
|
| 710 |
# |
# |
|a Long, E. Hudson.
|
| 923 |
# |
# |
|a 100/2010
|
| 992 |
# |
# |
|a 0
|
| 994 |
# |
# |
|a DLU
|
| 900 |
# |
# |
|a True
|
| 911 |
# |
# |
|a Lý Thị Hồng Hạnh
|
| 925 |
# |
# |
|a G
|
| 926 |
# |
# |
|a A
|
| 927 |
# |
# |
|a SH
|
| 980 |
# |
# |
|a Thư viện Trường Đại học Đà Lạt
|